<?xml version="1.0" encoding="UTF-8"?><?xml-stylesheet type="text/xsl" href="static/style.xsl"?><OAI-PMH xmlns="http://www.openarchives.org/OAI/2.0/" xmlns:xsi="http://www.w3.org/2001/XMLSchema-instance" xsi:schemaLocation="http://www.openarchives.org/OAI/2.0/ http://www.openarchives.org/OAI/2.0/OAI-PMH.xsd"><responseDate>2026-04-13T01:35:33Z</responseDate><request verb="GetRecord" identifier="oai:www.recercat.cat:10256/14549" metadataPrefix="marc">https://recercat.cat/oai/request</request><GetRecord><record><header><identifier>oai:recercat.cat:10256/14549</identifier><datestamp>2024-05-22T11:14:17Z</datestamp><setSpec>com_2072_452966</setSpec><setSpec>com_2072_2054</setSpec><setSpec>col_2072_452968</setSpec></header><metadata><record xmlns="http://www.loc.gov/MARC21/slim" xmlns:dcterms="http://purl.org/dc/terms/" xmlns:xsi="http://www.w3.org/2001/XMLSchema-instance" xmlns:doc="http://www.lyncode.com/xoai" xsi:schemaLocation="http://www.loc.gov/MARC21/slim http://www.loc.gov/standards/marcxml/schema/MARC21slim.xsd">
   <leader>00925njm 22002777a 4500</leader>
   <datafield ind2=" " ind1=" " tag="042">
      <subfield code="a">dc</subfield>
   </datafield>
   <datafield ind2=" " ind1=" " tag="720">
      <subfield code="a">Cordeiro i Santanach, Gerard</subfield>
      <subfield code="e">author</subfield>
   </datafield>
   <datafield ind2=" " ind1=" " tag="260">
      <subfield code="c">2017-06</subfield>
   </datafield>
   <datafield ind2=" " ind1=" " tag="520">
      <subfield code="a">Els sistemes de reg localitzat han suposat un gran avenç en les tècniques de regadiu. En els últims anys la instal•lació d’aquests sistemes ha augmentat en detriment dels mètodes tradicionals. Actualment a Espanya és el sistema de reg més utilitzat pel que fa a superfície, però no a Catalunya. &#xd;
Amb els sistemes de reg localitzat es pot aconseguir una major eficiència en l’ús de l’aigua i l’energia enfront els altres sistemes (amb excepció del reg per gravetat que no té consum energètic). Per això, cal realitzar un bon disseny agronòmic per tal d’aportar a la planta l’aigua que estrictament necessita. Paral•lelament cal un bon maneig de les instal•lacions, ja que sinó les eficiències poden ser pitjors que en els sistemes tradicionals. &#xd;
En el present treball s’han elaborat dues eines de format digital (Sistemes d’informació geogràfica i aplicació Android) per ajudar en el disseny agronòmic de reg localitzat en la zona del Baix Ter</subfield>
   </datafield>
   <datafield ind1="8" ind2=" " tag="024">
      <subfield code="a">http://hdl.handle.net/10256/14549</subfield>
   </datafield>
   <datafield tag="653" ind2=" " ind1=" ">
      <subfield code="a">Regatge -- Automatització</subfield>
   </datafield>
   <datafield tag="653" ind2=" " ind1=" ">
      <subfield code="a">Regatge per degoteig -- Catalunya -- Baix Empordà</subfield>
   </datafield>
   <datafield tag="653" ind2=" " ind1=" ">
      <subfield code="a">Sistemes d'informació geogràfica</subfield>
   </datafield>
   <datafield tag="653" ind2=" " ind1=" ">
      <subfield code="a">Irrigation -- Automation</subfield>
   </datafield>
   <datafield tag="653" ind2=" " ind1=" ">
      <subfield code="a">Geographic information systems</subfield>
   </datafield>
   <datafield tag="653" ind2=" " ind1=" ">
      <subfield code="a">Trickle irrigation -- Catalonia -- Baix Empordà</subfield>
   </datafield>
   <datafield ind2="0" ind1="0" tag="245">
      <subfield code="a">Sistema d’informació geogràfica i aplicació per a mòbil com a eines pel disseny agronòmic en reg localitzat al Baix Ter</subfield>
   </datafield>
</record></metadata></record></GetRecord></OAI-PMH>